[Event "III Festival Isola Verde A"]
[Site "Ischia ITA"]
[Date "2011.07.28"]
[Round "3"]
[White "Naumkin, Igor"]
[Black "Dervishi, Erald"]
[Result "1/2-1/2"]
[WhiteElo "2486"]
[BlackElo "2543"]
[PlyCount "91"]
[EventDate "2011.07.26"]

1. d4 Nf6 2. c4 e6 3. Nf3 b6 4. g3 Bb7 5. Bg2 Be7 6. Nc3 Ne4 7. Bd2 d5 8. cxd5
exd5 9. O-O O-O 10. Rc1 Na6 11. Bf4 Bf6 12. Be5 Re8 13. Bxf6 Qxf6 14. e3 c5 15.
Qa4 Red8 16. Rfd1 Nb4 17. a3 a5 18. Nxe4 dxe4 19. Ne5 Na6 20. Qc2 Rac8 21. Qe2
Qe6 22. Qh5 g6 23. Qh4 f5 24. Bf1 Kg7 25. g4 cxd4 26. exd4 fxg4 27. Nxg4 h5 28.
Ne3 Rxc1 29. Rxc1 Qf6 30. Qxf6+ Kxf6 31. Bxa6 Bxa6 32. Rc6+ Kg5 33. h4+ Kh6 34.
Rxb6 Be2 35. d5 Kg7 36. Rb7+ Kf6 37. Ra7 Rb8 38. d6 Rxb2 39. Nd5+ Ke5 40. d7
Rb1+ 41. Kh2 Bf3 42. Ne3 Rh1+ 43. Kg3 Rg1+ 44. Kh2 Rh1+ 45. Kg3 Rg1+ 46. Kh2
1/2-1/2

[Event "III Festival Isola Verde A"]
[Site "Ischia ITA"]
[Date "2011.07.28"]
[Round "3"]
[White "Pagano, Sergio"]
[Black "Diotallevi, Maurizio"]
[Result "1/2-1/2"]
[WhiteElo "1970"]
[BlackElo "2049"]
[PlyCount "81"]
[EventDate "2011.07.26"]

1. d4 e6 2. Nf3 g6 3. Bf4 d6 4. e3 Bg7 5. Nbd2 Ne7 6. c3 Nd7 7. h4 h6 8. Bd3 b6
9. Be4 Rb8 10. Qa4 a6 11. O-O-O b5 12. Qa3 Nf6 13. Bb1 Nfd5 14. Bh2 b4 15. Qb3
a5 16. c4 Nb6 17. h5 g5 18. Nf1 Bd7 19. Qd3 Qc8 20. b3 Qa6 21. e4 a4 22. Ne3
axb3 23. axb3 Bc8 24. Rd2 Nd7 25. Kd1 Qb7 26. c5 dxc5 27. Rc2 Nc6 28. dxc5 O-O
29. Rc4 Rd8 30. Kc1 Nde5 31. Qxd8+ Nxd8 32. Nxe5 Nc6 33. Nxc6 Qxc6 34. e5 Ba6
35. Be4 Qe8 36. Rc2 Bb7 37. c6 Ba6 38. Ng4 Qe7 39. Rd1 Rd8 40. Rxd8+ Qxd8 41.
Rd2 1/2-1/2

[Event "III Festival Isola Verde A"]
[Site "Ischia ITA"]
[Date "2011.07.28"]
[Round "3"]
[White "Panarello, Giuseppe"]
[Black "Magaldi, Giuseppe"]
[Result "1-0"]
[WhiteElo "1990"]
[BlackElo "1452"]
[PlyCount "79"]
[EventDate "2011.07.26"]

1. c4 c5 2. Nc3 Nf6 3. g3 d5 4. cxd5 Nxd5 5. Qc2 Nc6 6. Bg2 e6 7. Nf3 Ndb4 8.
Qb1 g6 9. a3 Nd5 10. O-O a6 11. Qc2 Bg7 12. e3 O-O 13. b3 Nf6 14. Bb2 e5 15.
Na4 b6 16. Nxe5 Bf5 17. e4 Nxe5 18. exf5 Nd3 19. Bc3 Rc8 20. Nb2 Nxb2 21. Qxb2
Qd6 22. Rfe1 gxf5 23. Be5 Qd8 24. Rad1 c4 25. Bb7 Rc5 26. Bxa6 Re8 27. Bxc4
Rexe5 28. Rxe5 Ng4 29. f4 Rxe5 30. fxe5 Bxe5 31. d4 Ne3 32. Rd2 Bf6 33. Qc3 Bg5
34. Re2 Nd1 35. Qd3 Ne3 36. Rxe3 Bxe3+ 37. Qxe3 Qd6 38. Qe8+ Kg7 39. Qxf7+ Kh6
40. Qe6+ 1-0

[Event "III Festival Isola Verde A"]
[Site "Ischia ITA"]
[Date "2011.07.28"]
[Round "3"]
[White "Todorov, Todor"]
[Black "Drasko, Milan"]
[Result "1/2-1/2"]
[WhiteElo "2497"]
[BlackElo "2469"]
[PlyCount "45"]
[EventDate "2011.07.26"]

1. e4 e6 2. d4 d5 3. exd5 exd5 4. Bd3 Nc6 5. c3 Bd6 6. Qf3 Be6 7. Bf4 Nge7 8.
Ne2 Ng6 9. Bxd6 Qxd6 10. Na3 O-O-O 11. O-O-O Nce7 12. h4 h5 13. Rde1 Bg4 14.
Qg3 Bf5 15. Bb5 c6 16. Qxd6 Rxd6 17. Ba4 Rf6 18. f3 Bd3 19. Ng3 Kd8 20. Kd2 Nf4
21. Rh2 Rg6 22. Ke3 Re6+ 23. Kd2 1/2-1/2

[Event "III Festival Isola Verde A"]
[Site "Ischia ITA"]
[Date "2011.07.28"]
[Round "3"]
[White "Zakurdjaeva, Irina"]
[Black "Taglialatela, Massimiliano"]
[Result "1-0"]
[WhiteElo "2268"]
[BlackElo "2026"]
[PlyCount "61"]
[EventDate "2011.07.26"]

1. e4 c6 2. d4 d5 3. Nc3 dxe4 4. Nxe4 Bf5 5. Ng3 Bg6 6. Nf3 Nd7 7. h4 h6 8. h5
Bh7 9. Bd3 Bxd3 10. Qxd3 e6 11. Bd2 Ngf6 12. O-O-O Be7 13. Ne4 Nxe4 14. Qxe4
Nf6 15. Qd3 Qd5 16. c4 Qe4 17. Qb3 b5 18. Rhe1 Qg4 19. Rh1 Qe4 20. Rde1 Qg4 21.
Rh4 Qxg2 22. Rg1 Qxf2 23. Rh2 bxc4 24. Qc3 Bb4 25. Rxf2 Bxc3 26. bxc3 Nxh5 27.
Ne5 Rc8 28. Rxf7 c5 29. Rxa7 cxd4 30. Ng6 Rg8 31. Ne7 1-0

[Event "III Festival Isola Verde A"]
[Site "Ischia ITA"]
[Date "2011.07.29"]
[Round "4"]
[White "Andreoli, Mark"]
[Black "Magaldi, Giuseppe"]
[Result "1-0"]
[WhiteElo "1991"]
[BlackElo "1452"]
[PlyCount "85"]
[EventDate "2011.07.26"]

1. e4 e5 2. d4 Nc6 3. Nf3 d6 4. dxe5 Bg4 5. exd6 Bxd6 6. Nc3 Nge7 7. Bg5 f6 8.
Bh4 O-O 9. Bc4+ Kh8 10. Bg3 a6 11. Bxd6 cxd6 12. h3 b5 13. Be2 Be6 14. Qd2 Qc7
15. Rd1 Rad8 16. Nd5 Bxd5 17. exd5 Ne5 18. O-O N5g6 19. Nd4 Rc8 20. Ne6 Qxc2
21. Nxf8 Nxf8 22. Bg4 f5 23. Qg5 Nfg6 24. Rc1 h6 25. Rxc2 hxg5 26. Rxc8+ Nxc8
27. Bxf5 Nce7 28. Bxg6 Nxg6 29. g3 Ne7 30. a3 Nxd5 31. Rd1 Nc7 32. Rxd6 a5 33.
Rc6 Nd5 34. Rc5 Nb6 35. Rxg5 Nc4 36. Rxb5 g6 37. Kf1 Kg7 38. Ke2 Kh6 39. Kd3
Nd6 40. Rxa5 Nb7 41. Rd5 g5 42. a4 Kg6 43. a5 1-0

[Event "III Festival Isola Verde A"]
[Site "Ischia ITA"]
[Date "2011.07.29"]
[Round "4"]
[White "Diotallevi, Maurizio"]
[Black "Calabrese, Claudio"]
[Result "1-0"]
[WhiteElo "2049"]
[BlackElo "1942"]
[PlyCount "79"]
[EventDate "2011.07.26"]

1. d4 d6 2. g3 g6 3. Bg2 Bg7 4. e4 c6 5. c3 Nf6 6. Ne2 O-O 7. O-O e5 8. h3 Qc7
9. Be3 Re8 10. Qc2 b6 11. Rd1 Ba6 12. c4 Nbd7 13. b3 Rad8 14. Nbc3 Bb7 15. Rac1
a6 16. a3 exd4 17. Nxd4 Nc5 18. b4 Ncxe4 19. Nxe4 Nxe4 20. Bxe4 Rxe4 21. Qxe4
c5 22. Ne6 fxe6 23. Qxe6+ Kh8 24. Bg5 Rf8 25. Rxd6 Bc8 26. Qe7 Qxe7 27. Bxe7
Re8 28. Rd8 Rxd8 29. Bxd8 Bb2 30. Re1 Bxa3 31. Bxb6 Bxh3 32. Bxc5 Bf5 33. Ra1
Bb2 34. Rxa6 Bd3 35. Rd6 Bxc4 36. Bd4+ Bxd4 37. Rxd4 Bb5 38. Rd5 Bc6 39. Rc5
Bf3 40. b5 1-0

[Event "III Festival Isola Verde A"]
[Site "Ischia ITA"]
[Date "2011.07.29"]
[Round "4"]
[White "Drasko, Milan"]
[Black "Naumkin, Igor"]
[Result "1/2-1/2"]
[WhiteElo "2469"]
[BlackElo "2486"]
[PlyCount "20"]
[EventDate "2011.07.26"]

1. d4 Nf6 2. c4 e6 3. Nc3 Bb4 4. Qc2 O-O 5. a3 Bxc3+ 6. Qxc3 b6 7. Nf3 Bb7 8.
g3 d6 9. Bg2 Nbd7 10. O-O a5 1/2-1/2

[Event "III Festival Isola Verde A"]
[Site "Ischia ITA"]
[Date "2011.07.29"]
[Round "4"]
[White "Gaponenko, Inna"]
[Black "Gregori, Giacomo"]
[Result "1-0"]
[WhiteElo "2442"]
[BlackElo "2005"]
[PlyCount "97"]
[EventDate "2011.07.26"]

1. e4 g6 2. d4 Bg7 3. Nc3 c6 4. f4 d5 5. e5 Nh6 6. Nf3 Bg4 7. Be3 Nf5 8. Bf2 f6
9. Be2 Bxf3 10. Bxf3 fxe5 11. fxe5 e6 12. O-O O-O 13. Ne2 c5 14. c4 Nc6 15.
cxd5 Ncxd4 16. Nxd4 cxd4 17. Bxd4 exd5 18. Bc5 Re8 19. Bxd5+ Kh8 20. e6 b6 21.
Bxa8 Qxa8 22. Bf2 Rxe6 23. Qc2 h5 24. Rae1 Rd6 25. Rd1 Qd8 26. Rxd6 Qxd6 27.
Rd1 Qe5 28. b3 Kh7 29. a4 Qe6 30. Qc4 Qe7 31. Qb5 Qe4 32. Qd5 Qb4 33. Qf7 Qc3
34. Qxa7 Qxb3 35. Qd7 Kh6 36. Re1 Qb4 37. Qb5 Qc3 38. Rf1 Ne3 39. Bxe3+ Qxe3+
40. Kh1 Qd4 41. Qe8 Qd3 42. Re1 Qf5 43. Qe3+ Kh7 44. Qxb6 h4 45. Qe3 Qa5 46.
Qe4 Bf6 47. Rd1 Qc7 48. Qg4 Qe5 49. Rf1 1-0

[Event "III Festival Isola Verde A"]
[Site "Ischia ITA"]
[Date "2011.07.29"]
[Round "4"]
[White "Lyons, Brendan"]
[Black "Panarello, Giuseppe"]
[Result "0-1"]
[WhiteElo "1966"]
[BlackElo "1990"]
[PlyCount "90"]
[EventDate "2011.07.26"]

1. e4 c5 2. Nf3 d6 3. d3 Nc6 4. g3 g6 5. Bg2 Bg7 6. O-O Nf6 7. Re1 e5 8. c3 h6
9. a3 a5 10. a4 Be6 11. Na3 O-O 12. Nb5 Ne8 13. Be3 Nc7 14. d4 cxd4 15. cxd4
Nxb5 16. axb5 Nb4 17. dxe5 dxe5 18. Qxd8 Rfxd8 19. Rec1 Rdc8 20. Bf1 Nc2 21.
Rab1 Ba2 22. Bh3 Rd8 23. Bb6 Rd3 24. Rd1 Rxf3 25. Rbc1 Nd4 26. Rc7 Nxb5 27.
Rxb7 Nd4 28. Ra1 Be6 29. Bxe6 Nxe6 30. Bxa5 Nc5 31. Rb5 Nxe4 32. Rf1 Nd6 33.
Rd5 Nc4 34. Bc3 e4 35. Bxg7 Kxg7 36. b4 e3 37. Kg2 Rxf2+ 38. Rxf2 exf2 39. Kxf2
Rb8 40. b5 Na3 41. Ke3 Rxb5 42. Rd3 Nc2+ 43. Kd2 Nb4 44. Rb3 Rd5+ 45. Kc3 Nc6
0-1

[Event "III Festival Isola Verde A"]
[Site "Ischia ITA"]
[Date "2011.07.29"]
[Round "4"]
[White "Meijers, Viesturs"]
[Black "Dervishi, Erald"]
[Result "1/2-1/2"]
[WhiteElo "2492"]
[BlackElo "2543"]
[PlyCount "152"]
[EventDate "2011.07.26"]

1. d4 Nf6 2. Bg5 d5 3. Bxf6 exf6 4. e3 c6 5. c4 dxc4 6. Bxc4 Bd6 7. Nf3 O-O 8.
Nc3 Nd7 9. Qc2 f5 10. h4 h5 11. Ng5 Nf6 12. g3 g6 13. a3 Kg7 14. O-O Ng4 15.
Rfe1 Qc7 16. Kg2 Bd7 17. e4 f6 18. Ne6+ Bxe6 19. Bxe6 f4 20. Ne2 Rae8 21. Qb3
fxg3 22. fxg3 Ne3+ 23. Qxe3 Rxe6 24. Nc3 Qe7 25. Re2 Bb8 26. Qd3 Rd8 27. Rd1 a6
28. Qf3 Ba7 29. d5 Red6 30. Qf4 Bb8 31. e5 fxe5 32. Rxe5 Qf6 33. Qe4 Ba7 34.
Qe2 Rf8 35. Re7+ Rf7 36. Rxf7+ Qxf7 37. Qe5+ Qf6 38. Qxf6+ Rxf6 39. Ne4 Rf7 40.
dxc6 bxc6 41. Rd6 Re7 42. Kf3 Rf7+ 43. Ke2 Re7 44. Kd3 c5 45. b3 a5 46. Rc6
Rd7+ 47. Kc3 Re7 48. Kd3 Rd7+ 49. Kc2 Re7 50. Nxc5 Bb8 51. Ne6+ Kf6 52. Nf4+
Kf5 53. Nxg6 Re3 54. Nf4 Rxg3 55. Nxh5 Rh3 56. Ng7+ Ke4 57. Rc4+ Kd5 58. Nf5
Be5 59. Ne7+ Kd6 60. Nc6 a4 61. bxa4 Bf6 62. Nb4 Bxh4 63. Rc3 Rxc3+ 64. Kxc3
Kc5 65. Nd3+ Kb6 66. Kc4 Be7 67. Nb4 Bf8 68. Nd5+ Ka5 69. Kb3 Ka6 70. Ne3 Be7
71. Nc4 Bd8 72. Kc3 Bf6+ 73. Kd3 Be7 74. Kd4 Bxa3 75. Nxa3 Ka5 76. Kc4 Kxa4
1/2-1/2

[Event "III Festival Isola Verde A"]
[Site "Ischia ITA"]
[Date "2011.07.29"]
[Round "4"]
[White "Mirzoev, Azer"]
[Black "Gamback, Bjorn"]
[Result "1-0"]
[WhiteElo "2415"]
[BlackElo "2172"]
[PlyCount "77"]
[EventDate "2011.07.26"]

1. d4 d5 2. c4 e6 3. Nc3 c5 4. cxd5 exd5 5. Nf3 Nc6 6. g3 c4 7. Bg2 Bb4 8. O-O
Nge7 9. a3 Ba5 10. Bf4 O-O 11. Ne5 Bf5 12. Rc1 Bb6 13. e4 Be6 14. Nxc4 Bxd4 15.
Nd6 dxe4 16. Bxe4 Rb8 17. Ndb5 Rc8 18. Nxd4 Qxd4 19. Qxd4 Nxd4 20. Bxb7 Rb8 21.
Bxb8 Rxb8 22. Rfd1 Nb3 23. Rc2 g6 24. Bg2 Nf5 25. Re2 Nbd4 26. Red2 Bb3 27.
Rxd4 Bxd1 28. Rxd1 Rxb2 29. Be4 Rb3 30. Nd5 Rxa3 31. Bxf5 gxf5 32. Ne7+ Kg7 33.
Nxf5+ Kf6 34. Ne3 Ra2 35. Kg2 Ke6 36. Rd4 Kf6 37. Rd6+ Kg7 38. Nf5+ Kf8 39.
Rd8# 1-0

[Event "III Festival Isola Verde A"]
[Site "Ischia ITA"]
[Date "2011.07.29"]
[Round "4"]
[White "Taglialatela, Massimiliano"]
[Black "Dazj, Andrea"]
[Result "1-0"]
[WhiteElo "2026"]
[BlackElo "1875"]
[PlyCount "85"]
[EventDate "2011.07.26"]

1. e4 d6 2. d4 Nf6 3. Nd2 g6 4. Ngf3 Bg7 5. Bc4 O-O 6. O-O Nbd7 7. Qe2 e5 8.
dxe5 dxe5 9. Re1 Qe7 10. Nf1 c6 11. a4 Nh5 12. Bg5 Ndf6 13. Rad1 h6 14. Bd2 Nd7
15. g3 a5 16. Nh4 Kh7 17. Nf5 gxf5 18. Qxh5 Nf6 19. Qh4 Be6 20. exf5 Bxf5 21.
Ne3 Bg6 22. Ng4 Ng8 23. Qxe7 Nxe7 24. Bb3 f6 25. Be3 Bf5 26. f3 b5 27. Bc5 Rfe8
28. Ne3 Bg6 29. Rd7 Nf5 30. Ng4 Kh8 31. Red1 h5 32. Nf2 Rab8 33. Ba7 Rbc8 34.
Ne4 Bh6 35. Nxf6 Rf8 36. Ne4 Be3+ 37. Bxe3 Nxe3 38. R1d6 Rxf3 39. Nf2 bxa4 40.
Ba2 Rxf2 41. Kxf2 Ng4+ 42. Ke2 Be4 43. h3 1-0

[Event "III Festival Isola Verde A"]
[Site "Ischia ITA"]
[Date "2011.07.29"]
[Round "4"]
[White "Todorov, Todor"]
[Black "Iudicello, Giovanni"]
[Result "1/2-1/2"]
[WhiteElo "2497"]
[BlackElo "2180"]
[PlyCount "118"]
[EventDate "2011.07.26"]

1. d4 Nf6 2. Nf3 g6 3. Nc3 d5 4. Bf4 Bg7 5. Qd2 h6 6. h3 c6 7. O-O-O Be6 8. Ne5
Nbd7 9. f3 Qa5 10. Kb1 Nb6 11. b3 Qa3 12. Ka1 g5 13. Bh2 Qa5 14. e3 Rc8 15. Nb1
Qxd2 16. Rxd2 Nfd7 17. Nxd7 Kxd7 18. Bd3 Rhd8 19. Nc3 a6 20. Ne2 c5 21. c3 c4
22. Bc2 a5 23. bxc4 Rxc4 24. Bd3 Rc6 25. Rb2 Nc4 26. Rxb7+ Ke8 27. Rhb1 Rcc8
28. Bxc4 Rxc4 29. Bc7 Rc8 30. Bxa5 Bf5 31. R1b6 Bd3 32. Nc1 Bf1 33. Rb2 Ra4 34.
Bb4 Bf6 35. Nb3 Rca8 36. Nc5 R4a7 37. Rxa7 Rxa7 38. a4 e5 39. Ba3 Ra8 40. Rb6
Bg7 41. g4 exd4 42. exd4 Bxh3 43. Kb2 Bg2 44. Nd3 Bxf3 45. Rb7 Bf6 46. Rb6 Bg7
47. Rb7 Bf6 48. Ne5 Bxe5 49. Re7+ Kd8 50. dxe5 Bxg4 51. Rxf7 Rxa4 52. Bb4 Ra6
53. Bd6 Ra4 54. Rf6 Re4 55. Rxh6 Bc8 56. Rh7 g4 57. Rg7 Bf5 58. Kb3 Bc8 59.
Bc7+ Ke8 1/2-1/2

[Event "III Festival Isola Verde A"]
[Site "Ischia ITA"]
[Date "2011.07.30"]
[Round "5"]
[White "Calabrese, Claudio"]
[Black "Lyons, Brendan"]
[Result "1/2-1/2"]
[WhiteElo "1942"]
[BlackElo "1966"]
[PlyCount "22"]
[EventDate "2011.07.26"]

1. d4 d5 2. Nf3 e6 3. e3 Nf6 4. Bd3 c5 5. c3 c4 6. Bc2 Bd6 7. Nbd2 b5 8. e4
dxe4 9. Nxe4 Bb7 10. Bg5 Be7 11. Bxf6 Bxf6 1/2-1/2

[Event "III Festival Isola Verde A"]
[Site "Ischia ITA"]
[Date "2011.07.30"]
[Round "5"]
[White "Dervishi, Erald"]
[Black "Drasko, Milan"]
[Result "0-1"]
[WhiteElo "2543"]
[BlackElo "2469"]
[PlyCount "116"]
[EventDate "2011.07.26"]

1. e4 e6 2. d4 d5 3. Nd2 Be7 4. Bd3 c5 5. dxc5 Nf6 6. Qe2 Nc6 7. Ngf3 Nb4 8.
O-O Nxd3 9. cxd3 Bxc5 10. Nb3 Be7 11. Bf4 Qb6 12. e5 Nd7 13. Rfc1 O-O 14. Be3
Qd8 15. Nbd4 Nb8 16. Nb5 Nc6 17. Bc5 b6 18. Bxe7 Nxe7 19. Nfd4 Bd7 20. Nd6 Ng6
21. Qe3 f6 22. f4 fxe5 23. fxe5 h6 24. g3 Nh8 25. Nc6 Bxc6 26. Rxc6 Qe7 27.
Rac1 Rad8 28. Nb5 Qf7 29. Nd4 Rde8 30. Rc7 Qh5 31. Rxa7 Ng6 32. Re1 Qg4 33. Kh1
h5 34. b3 Ra8 35. Rxa8 Rxa8 36. a4 Rf8 37. b4 h4 38. gxh4 Nxh4 39. Rg1 Rf1 40.
Qg3 Rxg1+ 41. Qxg1 Qh3 42. Qf2 Qxd3 43. Nc2 Qd1+ 44. Ne1 Nf3 45. Qxf3 Qxe1+ 46.
Kg2 Qxb4 47. Qe3 Qxa4 48. Qxb6 Qe4+ 49. Kf2 Qxe5 50. Kf3 Qe4+ 51. Kg3 d4 52.
Qb4 Qe5+ 53. Kg4 Qf5+ 54. Kg3 e5 55. Qc4+ Kh7 56. Qd5 d3 57. Kg2 Qg4+ 58. Kf2
Qe2+ 0-1

[Event "III Festival Isola Verde A"]
[Site "Ischia ITA"]
[Date "2011.07.30"]
[Round "5"]
[White "Diotallevi, Maurizio"]
[Black "Melnikova, Yana"]
[Result "1/2-1/2"]
[WhiteElo "2049"]
[BlackElo "2236"]
[PlyCount "44"]
[EventDate "2011.07.26"]

1. d4 g6 2. Nf3 Bg7 3. e4 d6 4. Be2 Nf6 5. Nc3 c5 6. O-O O-O 7. Re1 cxd4 8.
Nxd4 Nc6 9. Be3 Nxd4 10. Bxd4 Be6 11. Qd2 Nd7 12. Bxg7 Kxg7 13. Qd4+ Kg8 14.
Bc4 Bxc4 15. Qxc4 Rc8 16. Qd4 Qa5 17. Nd5 Rfe8 18. c4 Ne5 19. b3 Nc6 20. Qd3
Ne5 21. Qd4 Nc6 22. Qd3 Ne5 1/2-1/2

[Event "III Festival Isola Verde A"]
[Site "Ischia ITA"]
[Date "2011.07.30"]
[Round "5"]
[White "Gamback, Bjorn"]
[Black "Gregori, Giacomo"]
[Result "1/2-1/2"]
[WhiteElo "2172"]
[BlackElo "2005"]
[PlyCount "38"]
[EventDate "2011.07.26"]

1. Nf3 g6 2. c4 Bg7 3. Nc3 Nf6 4. e4 d6 5. d4 O-O 6. Be2 e5 7. dxe5 dxe5 8. O-O
Nbd7 9. Rb1 a5 10. b3 Re8 11. Qc2 c6 12. Ba3 Bf8 13. Bxf8 Nxf8 14. Rbd1 Qe7 15.
Na4 Bg4 16. Ne1 Bxe2 17. Qxe2 Rad8 18. Nf3 Rd7 19. Nb2 Ne6 1/2-1/2

[Event "III Festival Isola Verde A"]
[Site "Ischia ITA"]
[Date "2011.07.30"]
[Round "5"]
[White "Iudicello, Giovanni"]
[Black "Mirzoev, Azer"]
[Result "0-1"]
[WhiteElo "2180"]
[BlackElo "2415"]
[PlyCount "71"]
[EventDate "2011.07.26"]

1. e4 e5 2. Nf3 Nc6 3. Bb5 a6 4. Ba4 Nf6 5. O-O Be7 6. Re1 b5 7. Bb3 d6 8. c3
O-O 9. h3 a5 10. a4 b4 11. d4 bxc3 12. bxc3 exd4 13. cxd4 d5 14. e5 Ne4 15. Ba3
Nb4 16. Nbd2 Bf5 17. Nxe4 dxe4 18. Nh2 Nd3 19. Bxe7 Qxe7 20. Re3 Rfd8 21. e6
fxe6 22. g4 Bg6 23. Nf3 Kh8 24. Ne1 Rxd4 25. Nc2 Rd6 26. Qe2 Rf8 27. Rf1 e5 28.
Rg3 Rdf6 29. Bd5 c6 30. Bb3 Nxf2 31. Rxf2 Rxf2 32. Qxf2 Rxf2 33. Kxf2 h6 34.
Rc3 Bf7 35. Bxf7 Qxf7+ 36. Ke2 0-1

[Event "III Festival Isola Verde A"]
[Site "Ischia ITA"]
[Date "2011.07.30"]
[Round "5"]
[White "Magaldi, Giuseppe"]
[Black "Dazj, Andrea"]
[Result "0-1"]
[WhiteElo "1452"]
[BlackElo "1875"]
[PlyCount "53"]
[EventDate "2011.07.26"]

1. d4 Nf6 2. Nf3 g6 3. Nbd2 Bg7 4. e3 d6 5. h3 Nbd7 6. Bd3 O-O 7. c3 Re8 8. Qe2
e5 9. O-O e4 10. Bxe4 Nxe4 11. Nxe4 Rxe4 12. g3 Nf6 13. Ng5 Re8 14. h4 h6 15.
Nf3 Bg4 16. Kg2 Qd7 17. Rh1 Re6 18. Qd3 Bf5 19. Qe2 Be4 20. d5 Nxd5 21. Bd2 Rf6
22. Qc4 Bxf3+ 23. Kg1 Bxh1 24. Kxh1 Rxf2 25. g4 Rxd2 26. h5 gxh5 27. Rg1 0-1

[Event "III Festival Isola Verde A"]
[Site "Ischia ITA"]
[Date "2011.07.30"]
[Round "5"]
[White "Pagano, Sergio"]
[Black "Andreoli, Mark"]
[Result "0-1"]
[WhiteElo "1970"]
[BlackElo "1991"]
[PlyCount "70"]
[EventDate "2011.07.26"]

1. d4 c5 2. c3 e6 3. Nf3 f5 4. Bf4 d5 5. e3 Nc6 6. Nbd2 Nf6 7. Be2 cxd4 8. exd4
Bd6 9. Ne5 O-O 10. O-O Ne4 11. f3 Bxe5 12. dxe5 Qb6+ 13. Kh1 Nf2+ 14. Rxf2 Qxf2
15. Nb3 Qb6 16. Qd2 Bd7 17. Be3 Qd8 18. f4 b6 19. Rd1 Rc8 20. Ba6 Rc7 21. c4
Ne7 22. c5 bxc5 23. Nxc5 Bc8 24. b4 Rxc5 25. Bxc5 Bxa6 26. b5 Bb7 27. Qb4 Re8
28. Bxa7 Qa8 29. Bc5 d4 30. Bxe7 Bxg2+ 31. Kg1 Bh3 32. Kf2 Qg2+ 33. Ke1 Bg4 34.
Qc4 Qg1+ 35. Qf1 Qe3+ 0-1

[Event "III Festival Isola Verde A"]
[Site "Ischia ITA"]
[Date "2011.07.30"]
[Round "5"]
[White "Panarello, Giuseppe"]
[Black "Taglialatela, Massimiliano"]
[Result "1-0"]
[WhiteElo "1990"]
[BlackElo "2026"]
[PlyCount "55"]
[EventDate "2011.07.26"]

1. Nf3 Nf6 2. c4 e6 3. g3 b6 4. Bg2 Bb7 5. O-O Be7 6. b3 c5 7. Bb2 Nc6 8. Nc3
d5 9. cxd5 exd5 10. d4 O-O 11. e3 Ba6 12. Re1 Rc8 13. a3 cxd4 14. exd4 Bd6 15.
b4 Ne7 16. b5 Bb7 17. Ne5 Ng6 18. Qa4 a5 19. bxa6 Ra8 20. a7 Re8 21. Nxg6 Rxe1+
22. Rxe1 hxg6 23. Bf1 Bc8 24. Nxd5 Nxd5 25. Re8+ Qxe8 26. Qxe8+ Bf8 27. Qc6 Be6
28. Qxa8 1-0

[Event "III Festival Isola Verde A"]
[Site "Ischia ITA"]
[Date "2011.07.30"]
[Round "5"]
[White "Soldatov, Ilja"]
[Black "Gaponenko, Inna"]
[Result "1/2-1/2"]
[WhiteElo "2158"]
[BlackElo "2442"]
[PlyCount "81"]
[EventDate "2011.07.26"]

1. Nf3 d5 2. c4 d4 3. d3 Nc6 4. Na3 e5 5. Nc2 a5 6. g3 Be7 7. Bg2 Nf6 8. O-O
Nd7 9. e3 Nc5 10. Nxe5 Nxe5 11. exd4 Bg4 12. Qd2 Nexd3 13. dxc5 Nxc5 14. Ne3
Be6 15. Nd5 Bxd5 16. Qxd5 Qxd5 17. Bxd5 c6 18. Bf3 Nd3 19. Rd1 O-O-O 20. Be2
Nxc1 21. Raxc1 Kc7 22. Rxd8 Rxd8 23. Rd1 Rxd1+ 24. Bxd1 Kd6 25. Kf1 Kc5 26. Ke2
Kxc4 27. Bb3+ Kb4 28. Kd3 f6 29. Bg8 h6 30. f4 Bc5 31. h3 Bf2 32. g4 Kc5 33.
Bf7 Bd4 34. b3 Bb2 35. a4 Bc1 36. f5 Kb4 37. Kc2 Bg5 38. Be6 Bh4 39. Bf7 Be1
40. Bg8 b6 41. Bf7 1/2-1/2

[Event "III Festival Isola Verde A"]
[Site "Ischia ITA"]
[Date "2011.07.30"]
[Round "5"]
[White "Zakurdjaeva, Irina"]
[Black "Todorov, Todor"]
[Result "0-1"]
[WhiteElo "2268"]
[BlackElo "2497"]
[PlyCount "118"]
[EventDate "2011.07.26"]

1. e4 c5 2. Nf3 Nc6 3. d4 cxd4 4. Nxd4 e5 5. Nb5 d6 6. N1c3 a6 7. Na3 b5 8. Nd5
Nge7 9. c4 Nd4 10. Be3 Nxd5 11. cxd5 g6 12. Bxd4 exd4 13. Qxd4 Qa5+ 14. Qd2
Qxd2+ 15. Kxd2 Bg7 16. Kc2 f5 17. Bd3 O-O 18. f3 fxe4 19. Bxe4 Bf5 20. Rhe1
Rac8+ 21. Kb3 Be5 22. h3 Bd7 23. Rac1 Kg7 24. Rxc8 Rxc8 25. Nc2 a5 26. a3 Kf6
27. g4 Bg3 28. Re2 Rc4 29. Ne3 Rc5 30. Nc2 Be5 31. Ne1 Bd4 32. Nc2 Be5 33. Ne1
Rc4 34. Rc2 Bg3 35. Re2 h5 36. Nd3 Be8 37. Rg2 h4 38. Re2 Bf7 39. Ne1 Rd4 40.
Kc2 Rc4+ 41. Kd3 Rc1 42. Nc2 Rd1+ 43. Rd2 Rh1 44. Nd4 Bf4 45. Nxb5 Bxd2 46.
Kxd2 Ke5 47. Ke3 g5 48. Nc3 Rxh3 49. b4 axb4 50. axb4 Rh2 51. Ne2 Bxd5 52. Bxd5
Kxd5 53. b5 h3 54. Nc3+ Kc4 55. Ne4 Rb2 56. Nxd6+ Kd5 57. Ne4 h2 58. Ng3 Rb1
59. f4 Rb3+ 0-1

[Event "III Festival Isola Verde A"]
[Site "Ischia ITA"]
[Date "2011.07.31"]
[Round "6"]
[White "Dazj, Andrea"]
[Black "Diotallevi, Maurizio"]
[Result "1/2-1/2"]
[WhiteElo "1875"]
[BlackElo "2049"]
[PlyCount "52"]
[EventDate "2011.07.26"]

1. d4 d5 2. Nf3 e6 3. e3 c5 4. c3 Nc6 5. Bd3 f5 6. Nbd2 Nf6 7. O-O Bd6 8. Re1
O-O 9. Nf1 Qe7 10. c4 Nb4 11. Be2 Bd7 12. a3 Nc6 13. cxd5 Nxd5 14. dxc5 Bxc5
15. b4 Nc3 16. Qb3 Nxe2+ 17. Rxe2 Bd6 18. Bb2 Rac8 19. Rd1 Bb8 20. N1d2 Kh8 21.
Nc4 b5 22. Nce5 Nxe5 23. Nxe5 Bxe5 24. Bxe5 Bc6 25. Red2 Bd5 26. Qb2 Qg5
1/2-1/2

[Event "III Festival Isola Verde A"]
[Site "Ischia ITA"]
[Date "2011.07.31"]
[Round "6"]
[White "Dervishi, Erald"]
[Black "Soldatov, Ilja"]
[Result "1-0"]
[WhiteElo "2543"]
[BlackElo "2158"]
[PlyCount "65"]
[EventDate "2011.07.26"]

1. e4 d6 2. d4 Nf6 3. Nc3 g6 4. Nf3 Bg7 5. Be2 O-O 6. h3 Nc6 7. d5 Nb8 8. O-O
c6 9. Be3 Qc7 10. Qd2 Re8 11. Rad1 a6 12. a4 a5 13. Rfe1 Na6 14. dxc6 bxc6 15.
Bh6 Nc5 16. Bxg7 Kxg7 17. Bc4 Be6 18. Bf1 Bc8 19. e5 dxe5 20. Rxe5 Ncd7 21. Re3
Ba6 22. Bxa6 Rxa6 23. Qe2 Nb8 24. Ne5 Ra7 25. Qc4 Rf8 26. Qd4 Rb7 27. b3 Na6
28. Ne4 h5 29. Nxf6 exf6 30. Nd7 Qxd7 31. Qxd7 Rxd7 32. Rxd7 Nb4 33. c4 1-0

[Event "III Festival Isola Verde A"]
[Site "Ischia ITA"]
[Date "2011.07.31"]
[Round "6"]
[White "Gaponenko, Inna"]
[Black "Zakurdjaeva, Irina"]
[Result "1/2-1/2"]
[WhiteElo "2442"]
[BlackElo "2268"]
[PlyCount "86"]
[EventDate "2011.07.26"]

1. e4 e5 2. Nf3 Nc6 3. Bc4 Bc5 4. O-O Nf6 5. d4 Bxd4 6. Nxd4 Nxd4 7. f4 d6 8.
fxe5 dxe5 9. Bg5 Be6 10. Na3 Qe7 11. Bxf6 gxf6 12. c3 Bxc4 13. Nxc4 Ne6 14. b4
Rg8 15. Kh1 Nf4 16. g3 Qe6 17. Nxe5 fxe5 18. gxf4 Qc4 19. Qd5 Qxd5 20. exd5 e4
21. f5 O-O-O 22. Rad1 e3 23. Rfe1 Rge8 24. Rd3 e2 25. Rd2 Re5 26. Rdxe2 Rxe2
27. Rxe2 Rxd5 28. f6 Kd8 29. Re7 Rd7 30. Re3 Rd6 31. Rf3 Re6 32. a4 Kd7 33. Kg2
Re5 34. Rh3 h5 35. Rh4 Ke6 36. b5 Kxf6 37. Rc4 Re7 38. Rc5 Kg6 39. Kf3 Rd7 40.
h4 f6 41. Ke4 Re7+ 42. Kf4 Rd7 43. Ke4 Re7+ 1/2-1/2